Olympischer Medaillenspiegel - Helsinki 1952 - Statistiken

Allgemein
  • Dieses Quiz wurde 14 mal gespielt
  • Das Durchschnittsergebnis liegt bei 7 aus 10
Antwortstatistiken
Gold Silber Bronze Gesamt Land % Korrekt
16 10 16 42 Frankreich
100%
40 19 17 76 Vereinigte Staaten
100%
8 9 4 21 Finnland
85%
0 7 17 24 Italien
85%
22 30 19 71 Schweden
85%
6 6 6 18 Schweiz
69%
2 6 6 14 Dänemark
62%
7 3 3 13 Niederlande
62%
6 3 13 22 Großbritannien
54%
12 13 10 35 Ungarn
46%
Keine übereinstimmenden Quizze gefunden
Verteilung der Resultate
Anzahl Personen mit jedem Resultat
Perzentil nach korrekt beantworteten Fragen
Ihre Resultats-Entwicklung
Sie haben dieses Quiz noch nicht gespielt